Mélanges offerts à William Marçais par l'Institut d'études islamiques de l'Université de Paris.

محفوظ في:

مؤلف مشترك: Université de Paris. Institut des études islamiques

التنسيق: كتاب

اللغة: French

منشور في: Paris : Éditions G.-P. Maisonneuve et Cie., 1950.

الموضوعات:

الوسوم: إضافة وسم

لا توجد وسوم, كن أول من يضع وسما على هذه التسجيلة!

رقم الطلب: PJ6024 .P3 1950

LEADER 00980nam a22002531 4500
001 996
003 OSt
005 20200716101137.0
008 130303s1950 fr abc e b 000 0bfre d
952 |0 0  |1 0  |2 lcc  |4 0  |6 PJ6024 P3 01950  |7 1  |9 155  |a ARCE  |b ARCE  |d 2020-02-17  |l 0  |o PJ6024 .P3 1950  |p 1017787  |r 2020-02-17 00:00:00  |w 2020-02-17  |y BK 
999 |c 7013  |d 7013 
035 |a tmp00540224 
040 |c ARCE Library 
050 0 4 |a PJ6024 .P3 1950 
110 2 |a Université de Paris.  |b Institut des études islamiques, 
245 1 0 |a Mélanges offerts à William Marçais par l'Institut d'études islamiques de l'Université de Paris. 
264 1 |a Paris :  |b Éditions G.-P. Maisonneuve et Cie.,  |c 1950. 
300 |a xiii, 329 pages :  |b illustrations, Portraits, maps ;  |c 28 cm. 
500 |a "Contributions by various authors". 
504 |a Bibliography : pages [ix]-xiii.  
600 1 0 |a Marçais, William,  |d 1872-1962  |v Bibliography. 
650 0 |a Arabic philology. 
901 |a reviewed 
942 |c BK  |2 lcc